| 000 | 00416nam a2200157Ia 4500 | ||
|---|---|---|---|
| 008 | 230711s9999||||xx |||||||||||||| ||und|| | ||
| 041 | _aENG | ||
| 082 |
_a658 _bGO-M |
||
| 100 | _aGopalakrishnan,P | ||
| 245 | 0 | _aMaintenance and spare parts management | |
| 250 | _a1st . Ed. | ||
| 260 |
_c2002 _aNew Delhi _bPHI Learning Private Limited |
||
| 650 | _aMechanical Engineering | ||
| 700 | _aBanerji,A. K. | ||
| 942 | _cBK | ||
| 999 |
_c4231 _d4231 |
||